000 00749nma a22002057a 4500
005 20210325190311.0
006 g q ||
008 s2513 th thaeng
041 _athaeng
090 _aMAP9013 72
245 1 0 _aอำเภอปากช่อง / L9013 [Map]
260 3 _aกรุงเทพฯ :
_bกรมแผนที่ทหาร,
_c2513
300 _a1 แผ่น (มาตราส่วน 1:
_b12,500)Colour
650 0 4 _aนครราชสีมา -- แผนที่
650 0 4 _aอำเภอปากช่อง -- นครราชสีมา -- แผนที่
850 _aNALT
942 _cCD
997 _c000000000025170
_kVC
998 _aBENJALUCK SUTTHIWILAI
999 _c25170
_d25170